El Dilema de América Latina. Estructuras del poder y fuerzas insurgentes

Furkejuvvon:
Bibliográfalaš dieđut
Váldodahkki: Ribeiro, Darcy
Materiálatiipa: Texto
Almmustuhtton: México, D.F: Siglo XXI
Preanttus:4
Fáddágilkorat: Lasit fáddágilkoriid
Eai fáddágilkorat, Lasit vuosttaš fáddágilkora!

MARC

LEADER 00000 a a2200000 04500
001 25752
003
040
090 |a 173700  
100 |a Ribeiro, Darcy  
245 |a El Dilema de América Latina. Estructuras del poder y fuerzas insurgentes  
250 |a 4  
260 |a México, D.F:   |b Siglo XXI  
300 |a 358 p  
999 |c 17291  |d 17291